| 000 | 00638nam a2200205 a 4500 | ||
|---|---|---|---|
| 001 | 000043467 | ||
| 003 | DO-SdBNP | ||
| 005 | 20220715104330.0 | ||
| 007 | ta | ||
| 008 | 140319s2013 dr r 000 0 spa d | ||
| 040 |
_aDO-SdBNP _bspa _cBNPHU |
||
| 082 | 4 |
_bH557c _222 |
|
| 100 | 1 |
_aHernández, Jesús _95470 |
|
| 245 | 1 | 0 |
_aComentario Crítico a la «Lógica» de Andrés López de Medrano : _ben el bicentenario de su publicación 1814-2014 / _cJesús Hernández. |
| 260 |
_aSanto Domingo : _bArgos, _c2013. |
||
| 300 |
_a39 p. ; _c22 cm. |
||
| 504 | _aBibliografía : p. 31-37 | ||
| 590 | _aInventariado, 2022/BT | ||
| 942 |
_2ddc _cLBS1 |
||
| 999 |
_c42956 _d42956 |
||